| 000 | 00632nam a2200229Ia 4500 | ||
|---|---|---|---|
| 005 | 20250508170157.0 | ||
| 008 | 008 250505s9999 xx 000 0 eng d | ||
| 020 | _a978-93-91450-54-0 | ||
| 037 | _aTextBook | ||
| 040 |
_aFEDL _beng _cFEDL |
||
| 041 |
_aeng _2eng |
||
| 084 |
_a150, CIC/R _qFEDL |
||
| 100 |
_aCiccarelli Saundra K _9580588 |
||
| 245 | 0 | _aPsychology | |
| 250 | _a6 | ||
| 260 |
_aNoida, India _bPearson India Education Service _c2022 |
||
| 300 | _axix, 679p. | ||
| 365 |
_aINR _b770 |
||
| 700 |
_a White J Noland Misra Girishwar _9783327 |
||
| 942 |
_cTB _h150, CIC/R |
||
| 999 |
_c1399641 _d1399641 |
||